[Event "Nassau-ch"]
[Site "Nassau"]
[Date "2009.11.23"]
[Round "6"]
[White "Tamarkin, Larry S"]
[Black "Massotti, Thomas A"]
[Result "1-0"]
[WhiteElo "2007"]
[BlackElo "1719"]
[PlyCount "81"]
[EventDate "2009.10.19"]
[EventType "swiss"]
[EventRounds "10"]
[EventCountry "USA"]
[SourceTitle "EXT 2011"]
[Source "ChessBase"]
[SourceDate "2010.11.26"]
[SourceVersion "1"]
[SourceVersionDate "2010.11.26"]
[SourceQuality "1"]

1. e4 d6 2. d4 Nf6 3. Nc3 g6 4. f4 Bg7 5. Nf3 0-0 6. e5 Ne8 7. Bc4 c6 8. Be3 d5 9. Bd3 Bg4 10. h3 Bxf3 11. Qxf3 f6 12. Qg3 f5 13. h4 Qd7 14. 0-0-0 Qe6 15. h5 gxh5 16. Rxh5 Qg6 17. Rg5 Qh6 18. Bxf5 e6 19. Bd3 Nd7 20. Rg4 Rf5 21. Bxf5 exf5 22. Rg5 Nf8 23. Rxf5 Ne6 24. Qg4 Qg6 25. Qh3 Bh6 26. Rf6 Nxf6 27. Qxe6+ Qf7 28. Qxf6 Qxf6 29. exf6 Rf8 30. g4 Rxf6 31. g5 Re6 32. Kd2 Bf8 33. f5 Re7 34. Ne2 Rf7 35. Rf1 b6 36. Nc1 c5 37. Nd3 cxd4 38. Bxd4 h6 39. g6 Rc7 40. f6 Bd6 41. f7+ 1-0

[Event "Nassau-ch"]
[Site "Nassau"]
[Date "2009.11.09"]
[Round "4"]
[White "Kan, Andrew"]
[Black "Massotti, Thomas A"]
[Result "0-1"]
[WhiteElo "1755"]
[BlackElo "1719"]
[PlyCount "96"]
[EventDate "2009.10.19"]
[EventType "swiss"]
[EventRounds "10"]
[EventCountry "USA"]
[SourceTitle "EXT 2011"]
[Source "ChessBase"]
[SourceDate "2010.11.26"]
[SourceVersion "1"]
[SourceVersionDate "2010.11.26"]
[SourceQuality "1"]

1. b3 d5 2. Bb2 c5 3. e3 Nc6 4. Nf3 Bg4 5. Be2 e6 6. d3 Nf6 7. Nbd2 Bd6 8. c4 0-0 9. a3 Rb8 10. 0-0 Qe7 11. Re1 a6 12. e4 dxe4 13. dxe4 e5 14. Bf1 Nd4 15. Bxd4 cxd4 16. b4 b6 17. Qb3 Rfc8 18. Rec1 a5 19. b5 Nd7 20. Ne1 Nc5 21. Qg3 Bh5 22. a4 Rf8 23. Nd3 f5 24. Nxc5 Bxc5 25. Qd3 f4 26. Be2 Bxe2 27. Qxe2 Rbd8 28. Qd3 Rd6 29. f3 Rh6 30. Nb3 Qh4 31. h3 Rc8 32. Rc2 Qg3 33. Kh1 Rf6 34. Nc1 Rg6 35. Qf1 Qh4 36. Nd3 Qe7 37. Qf2 Bb4 38. Qf1 Bc3 39. Raa2 Qc7 40. Qb1 Qxc4 41. Nxe5 Qb4 42. Qxb4 axb4 43. Nxg6 hxg6 44. Rab2 Ra8 45. Kg1 Rxa4 46. Kf1 d3 47. Rd2 Ra1+ 48. Kf2 Bd4# 0-1